Villes du Pays d'Aix - Statistiques

Statistiques générales
  • Ce quiz a été pris 93 fois
  • Le résultat moyen est 14 sur 36
Statistiques - réponses
Dpt Réponse % Correct
13 Aix-en-Provence
86%
13 Venelles
68%
84 Pertuis
64%
13 Eguilles
63%
13 Gardanne
61%
13 Bouc-Bel-Air
54%
13 Ventabren
54%
13 Le Tholonet
51%
13 Fuveau
49%
13 Vauvenargues
47%
13 Rousset
44%
13 Le Puy Sainte-Réparade
42%
13 Meyrargues
42%
13 Saint-Cannat
42%
13 Trets
42%
13 Meyreuil
41%
13 Peyrolles-en-Provence
41%
13 Vitrolles
41%
13 Cabriès
37%
13 Saint-Marc-Jaumegarde
36%
13 Gréasque
34%
13 Rognes
34%
13 Simiane-Collongue
34%
13 Coudoux
32%
13 Lambesc
29%
13 Les Pennes-Mirabeau
25%
13 Châteauneuf-le-Rouge
24%
13 Puyloubier
24%
13 Beaurecueil
22%
13 Peynier
22%
13 Jouques
20%
13 La Roque-d'Anthéron
20%
13 Mimet
20%
13 Saint-Antonin-sur-Bayon
20%
13 Saint-Estève-Janson
19%
13 Saint-Paul-lez-Durance
15%
Aucun quiz correspondant
Distribution des résultats
% des personnes avec chaque résultat
Percentile par nombre de réponses
Votre historique - résultats
Vous n’avez pas pris ce quiz